00802nam a2200217Ia 4500003000900000008004100009020001800050040001600068080002400084245014300108260003900251300001600290650004100306650003100347650002500378650001800403700003300421942000700454999001500461952010800476IN-BaIIA211028s9999 xx 000 0 eng d a0-306-11000-8 cIIA Library a047.1:533.9bREV-10 0aReviews of pasma physics: vol. 10, translatted from Russian by Oleg Glebovcedited by M. A Leontovich, Acad  aNew YorkbConsultants Bureauc1965 aviii, 517p. aAstronomy and astrophysics thesaurus aMagnetohydrodynamics91666 aPlasma physics93732 aPlasmas91898 aLeontovich, Acad. M. A., ed. cBK c8949d8949 00104070aBANbBANcGENd1987-02-11l0o047.1:533.9/ REV-10p9836r2021-11-05w1987-02-11yBK 107.40